Hurt my feelings (Tate McRae) - Lyrics - Statistics

General Stats
  • This quiz has been taken 70 times
  • The average score is 291 of 336
Answer Stats
Hint Answer % Correct
but
100%
got
100%
Got
100%
I
100%
like
100%
Like
100%
number,
100%
Intro | Outro She
100%
she
100%
what
100%
you
100%
You
100%
your
100%
mind
98%
(No)
98%
No,
98%
no
98%
on
98%
She's
98%
still
98%
I'm
96%
now,
96%
Now
96%
feelings
94%
hurt
94%
my
94%
Chorus (Oh
94%
right
94%
wears
94%
me
92%
a
88%
in
88%
know
88%
na
88%
na)
88%
better
86%
deep
86%
real,
86%
real
86%
so
86%
baby,
84%
breathin'
84%
girlfriend's
84%
(Girlfriend's
84%
than
84%
up
84%
bad,
82%
Every
82%
should've
82%
talking
82%
Want
82%
where
82%
known
80%
leavin')
80%
leavin'
80%
speakin'
80%
That
80%
time
80%
stay
76%
was
76%
away
74%
from
74%
myself
74%
we're
74%
do
72%
heavy
72%
messed
72%
(Messed
72%
tell
72%
way
72%
figured
70%
I've
70%
wanna
70%
boy
68%
callin'
68%
(callin')
68%
dreamin'
68%
dreamin')
68%
excuses
68%
gonna
68%
show
68%
somethin'
68%
tryna
68%
you're
68%
can't
66%
everything
66%
house
66%
it
66%
out
66%
pretty
66%
that's
66%
thing
66%
thing)
66%
without
66%
at
64%
except
64%
weigh
64%
ain't
62%
one
62%
(One
62%
polite,
62%
staying
62%
Told
62%
wakin'
62%
makin'
60%
such
60%
stop
58%
all
56%
happenin'
56%
make
56%
fall
54%
Nights
54%
batshit,
50%
doin'
50%
Ooh,
50%
and
40%
sometin'
2%
No matching quizzes found
Score Distribution
Percent of People with Each Score
Percentile by Number Answered
Your Score History
You have not taken this quiz